Escuela de discursos formada por sermones varios, escritos por diferentes autores, maestros grandes de la predicacion

Detalles Bibliográficos
Formato: Libro
Lenguaje:Undetermined
Spanish
Publicado: en Alcala : en la imprenta de Maria Fernandez viuda ; a costa de Juan Antonio Bonet mercader de libros, 1645.
Materias:
Colección:Banco de datos
Acervo:Biblioteca Palafoxiana. Colección bibliográfica
Descripción Física:[28], 526, [32] p. ; 4°
Tema general:Homilética
Notas:Ex libris manuscrito: "Por Diego Moran Valboyglenás". Número de localización: 15704
LEADER 00685nam a2200157Ia 4500
008 150723s9999 xx 000 0 und d
041 0 |a spa 
050 0 |a PAFX BV4207 E8 
245 1 0 |a Escuela de discursos formada por sermones varios, escritos por diferentes autores, maestros grandes de la predicacion 
260 |a en Alcala : en la imprenta de Maria Fernandez viuda ; a costa de Juan Antonio Bonet mercader de libros, 1645. 
300 |a [28], 526, [32] p. ; 4° 
500 |a Ex libris manuscrito: "Por Diego Moran Valboyglenás". Número de localización: 15704 
650 1 0 |a Homilética 
942 |c PALALIB 
943 |g Biblioteca Palafoxiana. Colección bibliográfica 
999 |c 1053401  |d 1053401